[Event "Olympiad-44"]
[Site "Chennai"]
[Date "2022.08.06"]
[Round "8.4"]
[White "Shaker, Mosab"]
[Black "Berardi, Giancarlo"]
[Result "1-0"]
[WhiteElo "1705"]
[BlackElo "1757"]
[PlyCount "45"]
[EventDate "2022.07.29"]
[EventType "team-swiss"]
[EventRounds "11"]
[EventCountry "IND"]
[SourceTitle "CBM 210"]
[Source "ChessBase"]
[SourceDate "2022.10.31"]
[SourceVersion "1"]
[SourceVersionDate "2022.10.31"]
[SourceQuality "1"]
[WhiteTeam "Bahrain"]
[BlackTeam "San Marino"]
[WhiteTeamCountry "BHN"]
[BlackTeamCountry "SMR"]

1. d4 d5 2. Nf3 Nf6 3. Bf4 c5 4. e3 Bf5 5. c3 c4 6. Nbd2 Nc6 7. Be2 e6 8. Nh4 Bg6 9. Nxg6 hxg6 10. e4 Nh5 11. Be3 Nf6 12. 0-0 Nxe4 13. Nxe4 Qh4 14. h3 Qxe4 15. b3 b5 16. a4 Na5 17. axb5 Nxb3 18. Ra6 Qh4 19. b6 Qe7 20. Qc2 Kd8 21. Qa2 Kc8 22. Rxa7 Rxa7 23. bxa7 1-0

[Event "Online Olym Div4 A"]
[Site "Chess.com INT"]
[Date "2021.08.22"]
[Round "9.2"]
[White "Muhammed, Shuaau"]
[Black "Shaker, Mosab"]
[Result "1-0"]
[WhiteElo "1925"]
[BlackElo "1695"]
[PlyCount "95"]
[EventDate "2021.08.20"]
[EventType "team (rapid)"]
[EventRounds "11"]
[EventCountry "USA"]
[SourceTitle "CBM 203 Extra"]
[Source "ChessBase"]
[SourceDate "2021.09.30"]
[SourceVersion "1"]
[SourceVersionDate "2021.09.30"]
[SourceQuality "1"]
[WhiteTeam "Maldives"]
[BlackTeam "Bahrain"]
[WhiteTeamCountry "MDV"]
[BlackTeamCountry "BHN"]

1. e4 e5 2. Nf3 Nf6 3. Nxe5 d6 4. Nf3 Nxe4 5. Nc3 Nxc3 6. dxc3 Be7 7. Be3 0-0 8. Qd2 c5 9. 0-0-0 Be6 10. c4 b5 11. cxb5 a6 12. a3 axb5 13. Bxb5 Qb6 14. c4 Nc6 15. h4 Bf5 16. Qd5 Bd7 17. Bg5 Bxg5+ 18. hxg5 Ne5 19. Bxd7 Nxd7 20. Qxd6 Qb3 21. Qd3 Qxd3 22. Rxd3 Nb6 23. Rc3 Ra4 24. Nd2 Re8 25. Kd1 Rd8 26. Kc2 Re8 27. Re3 Rxe3 28. fxe3 Nxc4 29. b3 Nxa3+ 30. Kb2 Ra7 31. Ra1 Nb5 32. Rxa7 Nxa7 33. Ne4 Kf8 34. Nxc5 Ke7 35. Kc3 Kd6 36. b4 h6 37. gxh6 gxh6 38. Kc4 Kc6 39. Nb3 Kd6 40. Nd4 Nc8 41. Nf5+ Ke5 42. Nxh6 f6 43. Kc5 Ke4 44. Ng4 f5 45. Nh6 Kxe3 46. Nxf5+ Kf4 47. Nd6 Na7 48. Kb6 1-0

[Event "Online Olym Div4 A"]
[Site "Chess.com INT"]
[Date "2021.08.21"]
[Round "7.3"]
[White "Shaker, Mosab"]
[Black "Al Ansi, Amin Hassan"]
[Result "0-1"]
[WhiteElo "1695"]
[BlackElo "1816"]
[PlyCount "77"]
[EventDate "2021.08.20"]
[EventType "team (rapid)"]
[EventRounds "11"]
[EventCountry "USA"]
[SourceTitle "CBM 203 Extra"]
[Source "ChessBase"]
[SourceDate "2021.09.30"]
[SourceVersion "1"]
[SourceVersionDate "2021.09.30"]
[SourceQuality "1"]
[WhiteTeam "Bahrain"]
[BlackTeam "Oman"]
[WhiteTeamCountry "BHN"]
[BlackTeamCountry "OMN"]

1. d4 Nf6 2. Nf3 d5 3. Bf4 e6 4. e3 Bd6 5. Bg3 0-0 6. Bd3 c5 7. c3 Qc7 8. Nbd2 Nbd7 9. 0-0 e5 10. dxe5 Nxe5 11. Nxe5 Bxe5 12. Bxe5 Qxe5 13. Nf3 Qh5 14. h3 Be6 15. Be2 Qh6 16. Re1 Rfd8 17. Qa4 Ne4 18. Bf1 Qf6 19. Qc2 Bxh3 20. gxh3 Qxf3 21. Bg2 Qf5 22. Rad1 Qe6 23. Rd3 Rd6 24. Red1 c4 25. Rd4 f5 26. b3 b5 27. a4 a6 28. bxc4 bxc4 29. Bf1 Rad8 30. f3 Ng3 31. Qd2 Nxf1 32. Kxf1 f4 33. Rxf4 Qxh3+ 34. Kf2 Rg6 35. Rg4 Rxg4 36. fxg4 Rf8+ 37. Kg1 Qxg4+ 38. Kh2 Rf5 39. Kh1 0-1

[Event "Gulf-ch Amateur"]
[Site "Kuwait"]
[Date "2019.10.24"]
[Round "4"]
[White "Shaker, Mosab"]
[Black "Btain, Abdulaziz1111"]
[Result "1-0"]
[WhiteElo "1734"]
[BlackElo "1106"]
[PlyCount "41"]
[EventDate "2019.10.21"]
[EventType "swiss"]
[EventRounds "9"]
[EventCountry "KUW"]
[SourceTitle "CBM 195 Extra"]
[Source "ChessBase"]
[SourceDate "2020.05.31"]
[SourceVersion "1"]
[SourceVersionDate "2020.05.31"]
[SourceQuality "1"]

1. d4 Nf6 2. Nf3 g6 3. Bf4 Bg7 4. e3 0-0 5. Be2 d6 6. h3 Nbd7 7. 0-0 Nh5 8. Bh2 e5 9. c3 f5 10. Nbd2 e4 11. Ne1 Nhf6 12. Nc2 g5 13. f3 Qe8 14. fxe4 fxe4 15. Nb4 Nb6 16. Nc4 g4 17. Nxb6 axb6 18. Bc4+ Be6 19. Qb3 d5 20. Nxd5 Qc6 21. Ne7+ 1-0

[Event "Gulf-ch Amateur"]
[Site "Kuwait"]
[Date "2019.10.22"]
[Round "2"]
[White "Shaker, Mosab"]
[Black "Alasad, Tareq"]
[Result "0-1"]
[WhiteElo "1734"]
[BlackElo "1341"]
[PlyCount "142"]
[EventDate "2019.10.21"]
[EventType "swiss"]
[EventRounds "9"]
[EventCountry "KUW"]
[SourceTitle "CBM 195 Extra"]
[Source "ChessBase"]
[SourceDate "2020.05.31"]
[SourceVersion "1"]
[SourceVersionDate "2020.05.31"]
[SourceQuality "1"]

1. d4 d5 2. Nf3 Nf6 3. Bf4 e6 4. e3 Bd6 5. Bg3 0-0 6. Bd3 b6 7. Qe2 Bb7 8. Nbd2 c5 9. c3 Nc6 10. Ne5 Ne7 11. f4 cxd4 12. exd4 Nf5 13. Bf2 Be7 14. Bxf5 exf5 15. 0-0-0 Re8 16. Bh4 Rc8 17. Bxf6 Bxf6 18. h3 g6 19. g4 fxg4 20. hxg4 Bg7 21. Qh2 h6 22. Ndf3 Rc7 23. g5 h5 24. f5 Qd6 25. Qc2 Rc6 26. Nxc6 Bxc6 27. Kb1 Bd7 28. fxg6 fxg6 29. Qd2 Bf5+ 30. Ka1 Be4 31. Rhf1 Rf8 32. Qh2 Qe7 33. Qg3 Rf5 34. a3 b5 35. Rde1 Qf8 36. Nd2 Qf7 37. Qb8+ Bf8 38. Qxb5 Bg2 39. Rxf5 Qxf5 40. Qe2 Bh3 41. Qe5 Qd7 42. Qf6 Bf5 43. Nf3 Be4 44. Ne5 Qf5 45. Qxf5 gxf5 46. g6 h4 47. Rf1 h3 48. Nf3 Bd6 49. Rh1 Bxf3 50. Rxh3 Bg4 51. Rh1 Bf4 52. Kb1 Kg7 53. Kc2 Kxg6 54. Kd3 Bf3 55. Rg1+ Kf6 56. Rf1 Be4+ 57. Ke2 Bg5 58. Kf2 f4 59. Ke1 Kf5 60. Ke2 Kg4 61. Rg1+ Kf5 62. Rf1 Bh6 63. b3 Bg5 64. c4 dxc4 65. bxc4 Bf6 66. Rd1 Bc6 67. d5 Bd7 68. d6 Ke4 69. Rd5 Be5 70. Ra5 Bd4 71. Rh5 Bg4+ 0-1

[Event "Arab Clubs-chT"]
[Site "Sharjah"]
[Date "2018.02.11"]
[Round "7.4"]
[White "Shaker, Mosab"]
[Black "Ali, Abdulaziz"]
[Result "0-1"]
[WhiteElo "1734"]
[BlackElo "1875"]
[PlyCount "62"]
[EventDate "2018.02.06"]
[EventType "team-tourn"]
[EventRounds "9"]
[EventCountry "UAE"]
[SourceTitle "CBM 182 Extra"]
[Source "ChessBase"]
[SourceDate "2018.02.23"]
[SourceVersion "1"]
[SourceVersionDate "2018.02.23"]
[SourceQuality "1"]
[WhiteTeam "Al Bahrain"]
[BlackTeam "Dubai Chess & Culture"]
[WhiteTeamCountry "BHN"]
[BlackTeamCountry "UAE"]

1. d4 Nf6 2. Nf3 e6 3. Bf4 c5 4. e3 Qb6 5. Qc1 Nc6 6. c3 d5 7. Bd3 c4 8. Bc2 Be7 9. h3 Qd8 10. Nbd2 b5 11. e4 Bb7 12. 0-0 dxe4 13. Nxe4 Nxe4 14. Bxe4 Nxd4 15. Nxd4 Bxe4 16. Nxb5 0-0 17. Qe3 Bxg2 18. Kxg2 Qd5+ 19. Kh2 Qxb5 20. Rg1 Bf6 21. Rg4 Rfd8 22. Rag1 Kh8 23. Qg3 Rd3 24. Qg2 Rg8 25. Bg5 Qf5 26. h4 h5 27. Rg3 Be5 28. f4 Bxf4 29. Bxf4 Qxf4 30. Kh3 Rd2 31. Qb7 Qf5+ 0-1

[Event "Arab Clubs-chT"]
[Site "Sharjah"]
[Date "2018.02.09"]
[Round "5.3"]
[White "Elnaami, Hashem Ak"]
[Black "Shaker, Mosab"]
[Result "1-0"]
[WhiteElo "1913"]
[BlackElo "1734"]
[PlyCount "69"]
[EventDate "2018.02.06"]
[EventType "team-tourn"]
[EventRounds "9"]
[EventCountry "UAE"]
[SourceTitle "CBM 182 Extra"]
[Source "ChessBase"]
[SourceDate "2018.02.23"]
[SourceVersion "1"]
[SourceVersionDate "2018.02.23"]
[SourceQuality "1"]
[WhiteTeam "Aldahrah"]
[BlackTeam "Al Bahrain"]
[WhiteTeamCountry "LBY"]
[BlackTeamCountry "BHN"]

1. d4 d5 2. Nf3 Nf6 3. Bf4 c5 4. c3 Nc6 5. e3 Qb6 6. Qc2 Bf5 7. dxc5 Bxc2 8. cxb6 Bxb1 9. Rxb1 axb6 10. a3 e6 11. Bb5 Be7 12. Ne5 0-0 13. Bxc6 bxc6 14. Nxc6 Rfe8 15. Bg5 Rac8 16. Nxe7+ Rxe7 17. Rd1 Ra7 18. Bxf6 gxf6 19. Ke2 Rc5 20. h4 Rb5 21. Rd2 h5 22. Rh3 e5 23. Kd1 Ra4 24. Kc2 Rc5 25. Kb3 Rg4 26. g3 b5 27. f3 Ra4 28. Rh1 Kg7 29. Rhd1 e4 30. f4 d4 31. Rxd4 Kg6 32. Rd5 Rac4 33. Rxc5 Rxc5 34. Kb4 Rc8 35. Rd5 1-0

[Event "Arab Clubs-chT"]
[Site "Sharjah"]
[Date "2018.02.08"]
[Round "4.4"]
[White "Mohammed, Ahmed Said Al Amri"]
[Black "Shaker, Mosab"]
[Result "1-0"]
[WhiteElo "1723"]
[BlackElo "1734"]
[PlyCount "65"]
[EventDate "2018.02.06"]
[EventType "team-tourn"]
[EventRounds "9"]
[EventCountry "UAE"]
[SourceTitle "CBM 182 Extra"]
[Source "ChessBase"]
[SourceDate "2018.02.23"]
[SourceVersion "1"]
[SourceVersionDate "2018.02.23"]
[SourceQuality "1"]
[WhiteTeam "Salalah CC"]
[BlackTeam "Al Bahrain"]
[WhiteTeamCountry "OMN"]
[BlackTeamCountry "BHN"]

1. e4 e5 2. Nf3 Nf6 3. Nc3 Nc6 4. Bb5 Bc5 5. 0-0 0-0 6. Bxc6 dxc6 7. Nxe5 Re8 8. Nd3 Bd4 9. e5 Ng4 10. Ne2 Bb6 11. h3 Nh6 12. Kh2 Qh4 13. f3 g5 14. Qe1 Qh5 15. Ng3 Qg6 16. f4 Ng4+ 17. Kh1 Qh6 18. f5 Nf6 19. Qd1 g4 20. exf6 gxh3 21. Qg4+ Kh8 22. Qg7+ Qxg7 23. fxg7+ Kxg7 24. gxh3 c5 25. Nf4 Bd7 26. Nfh5+ Kf8 27. d3 Bc6+ 28. Kh2 Re5 29. Bh6+ Kg8 30. Nf6+ Kh8 31. Nge4 c4 32. Rg1 Bxg1+ 33. Rxg1 1-0

[Event "Bahrain & Qatar Friendship"]
[Site "Seef"]
[Date "2017.02.04"]
[Round "6"]
[White "Shaker, Mosab"]
[Black "Salih, Al Hor"]
[Result "0-1"]
[WhiteElo "1704"]
[BlackElo "1513"]
[PlyCount "54"]
[EventDate "2017.02.01"]
[EventType "schev"]
[EventRounds "6"]
[EventCountry "BHN"]
[SourceTitle "CBM 177 Extra"]
[Source "ChessBase"]
[SourceDate "2017.04.27"]
[SourceVersion "1"]
[SourceVersionDate "2017.04.27"]
[SourceQuality "1"]

1. d4 Nf6 2. c4 b6 3. g3 Bb7 4. Nf3 e6 5. Bg2 Be7 6. 0-0 0-0 7. Nc3 d5 8. cxd5 exd5 9. Bg5 Nbd7 10. Rc1 h6 11. Bxf6 Nxf6 12. e3 Ne4 13. Ne2 Bd6 14. Nh4 Qg5 15. Qb3 Nd2 16. Qc2 Nxf1 17. Rxf1 Rfe8 18. Nf5 Qg6 19. h3 Bc8 20. g4 Bxf5 21. gxf5 Qh5 22. Qb3 Qxe2 23. Bxd5 Qh5 24. Bxa8 Qxh3 25. Re1 Bh2+ 26. Kh1 Bg3+ 27. Kg1 Qh2+ 0-1

[Event "Bahrain & Qatar Friendship"]
[Site "Seef"]
[Date "2017.02.01"]
[Round "1"]
[White "Shaker, Mosab"]
[Black "Ghanem, Al Shamari"]
[Result "1/2-1/2"]
[WhiteElo "1704"]
[BlackElo "1611"]
[PlyCount "84"]
[EventDate "2017.02.01"]
[EventType "schev"]
[EventRounds "6"]
[EventCountry "BHN"]
[SourceTitle "CBM 177 Extra"]
[Source "ChessBase"]
[SourceDate "2017.04.27"]
[SourceVersion "1"]
[SourceVersionDate "2017.04.27"]
[SourceQuality "1"]

1. d4 Nf6 2. Nf3 b6 3. Bf4 Bb7 4. e3 g6 5. Bd3 d6 6. h3 Bg7 7. 0-0 0-0 8. c4 Nbd7 9. Nc3 e6 10. e4 Nh5 11. Bh2 e5 12. d5 Nf4 13. b4 a5 14. bxa5 Rxa5 15. Bxf4 exf4 16. Qd2 Nc5 17. Rac1 Re8 18. Rfe1 Bc8 19. Nb5 Bd7 20. Nbd4 Qa8 21. Bb1 Bh6 22. Nh2 Kg7 23. Nhf3 Kg8 24. e5 dxe5 25. Nxe5 Kg7 26. f3 Ra3 27. Ndc6 Re3 28. Ng4 Bxg4 29. hxg4 Qa3 30. Nd4 Na4 31. Nb5 Qc5 32. Kf1 Qe7 33. Qd4+ Kg8 34. Qd2 Qh4 35. Nxc7 Qh1+ 36. Kf2 Qh4+ 37. Kf1 Rxf3+ 38. gxf3 Qh1+ 39. Kf2 Qh2+ 40. Kf1 Qh1+ 41. Kf2 Qh2+ 42. Kf1 Qh1+ 1/2-1/2